The Walking Dead Quiz - Statistics

General Stats
  • This quiz has been taken 263 times
  • The average score is 8 of 10
Answer Stats
Question Answer % Correct
What is Rick's last name? Grimes
97%
What's the name of Maggie's sister? Beth
94%
Who killed Glenn and Abraham? Negan
94%
Who killed Shane while he was a walker? Carl
93%
What is Daryl's favourite weapon? Crossbow
90%
In what year was the first episode? 2010
89%
What is Michonne's favourite weapon? Katana
84%
Who shot Carl in the chest? Otis
79%
Who died on the rooftop? Merle
67%
Who shot Carl in the eye? Ron
60%
How did Andrea die? Suicide
33%
No matching quizzes found
Score Distribution
Percent of People with Each Score
Percentile by Number Answered
Your Score History
You have not taken this quiz